Cohomology operations

Αποθηκεύτηκε σε:
Λεπτομέρειες βιβλιογραφικής εγγραφής
Κύριος συγγραφέας: Steenrod, Norman Earl, 1910-1971
Άλλοι συγγραφείς: Epstein, D. B. A. (Επιμελητής έκδοσης)
Μορφή: Βιβλίο
Γλώσσα:English
Δημοσίευση: Princeton : Princeton University Press, 1962.
Σειρά:Annals of mathematics studies ; 50
Θέματα:
Ετικέτες: Προσθήκη ετικέτας
Δεν υπάρχουν, Καταχωρήστε ετικέτα πρώτοι!

MARC

LEADER 00000cam a2200000 i 4500
001 1/40758
008 941103s1962####enk| ||| |||| ||eng||
020 |a 0691079242 
035 |a 1993  |l 10041332 
040 |a GR-MyUA  |b gre  |e AACR2 
041 0 |a eng 
082 0 |a 514.23  
100 1 |a Steenrod, Norman Earl,   |d 1910-1971. 
245 1 0 |a Cohomology operations /   |c lectures by N. E. Steenrod ; written and revised by D. B. A. Epstein.  
260 |a Princeton :   |b Princeton University Press,   |c 1962.  
300 |a v, 143 σ. ;   |c 24 εκ.  
490 1 |a (Annals of mathematics studies   |v ; 50)  
504 |a Περιέχει ευρετήριο.  
650 0 0 |a Homology theory. 
700 1 |a Epstein, D. B. A.  |e edt 
830 0 |a Annals of mathematics studies ;  |v  50 
852 |a INST  |b SAMOS  |e 19941103  |h 514.23 STE  |p 005300002871  |q 005300002871  |t BK  |y 0 
909 |a Σ  |b 029763